1136 1286 1971 1741 1176 1213 1585 1732 1231 1167 1036 1479 1315 1114 1542 1853 1116 1378 1790 1505 1039 1176 1420 1029 1009 1538 1665 1435 1515 1261 1695 1735 1253 1898 1232 1007 1119 1895 1092 1190 1121 1148 1746 1768 1131 1317 1142 1636 1164 1438 1936 1667 1630 1594 1486 1824 1512 1395 1554 1519 1190 1511 1887 1729 1681 1447 1613 1671 1676 1965 1048 1770 1760 1819 1326 2000 1173 1850 1658 1111 1746 1955 1673 1602 1890 1510 1355 1499 1444 1429 1656 1287 1940 1890 1717 1937 1560 1822 1517 BCNSPRNW ULIB Ver.6.0+V

เปลี่ยนเป็นภาษาไทย

Change to English
 แสดงรายละเอียดบรรณานุกรม
  กลับหน้าหลัก

Brief Record : Get Marc (ISO 2709) : E-mail record : QR code < ปิดหน้าต่าง
LEADER : 00000nam 2200000uu 4500
001    13399125947
003     ULIB
008    171121s2556||||th 000 0 tha d
020    ^a9786163270399
050 04 ^aA.^bจ535ห
100 0  ^aจิราภรณ์ วิหวา
245 10 ^aเหมียวอินเจแปน :^bทริปเที่ยวญี่ปุ่นแบบมุ่งแต่แมว /^cจิราภรณ์ วิหวา, สลิลา มหันต์เชิดชูวงศ์
250    ^aพิมพ์ครั้งที่ 1
260    ^aกรุงเทพฯ :^bโพลก้าดอต, ^c2556
300    ^a199, [8] หน้า :^bภาพประกอบสี ;^c17 ซม.
490 0  ^aหนังสือลายจุด ;^vลำดับที่ 035
500    ^aชื่อเรื่องจากปกนอก
650  7 ^aแมว^zญี่ปุ่น
651  7 ^aญี่ปุ่น^xภูมิประเทศและการท่องเที่ยว.
651  7 ^aญี่ปุ่น^xความเป็นอยู่และประเพณี.
700 0  ^aสลิลา มหันต์เชิดชูวงศ์
945    ^p0^l0^i003388
999    ^aประนอม เกษจรัล
รายการนี้ยังไม่มีแท็ก
คุณยังไม่ได้ล็อกอิน คุณสามารถมีกิจกรรมร่วมกับเว็บไซต์ได้ แต่ต้องล็อกอินก่อน ::
  ล็อกอิน

รายการสื่อสารสนเทศ

ลำดับที่ ประเภท เลขเรียก/บาร์โค้ด สถานที่ สถานะ
1. วิทยาศาสตร์การแพทย์ และสุขภาพ
วิทยาศาสตร์การแพทย์ และสุขภาพ
A. จ535ห ฉ.1 
  Barcode: 003388
ห้องสมุดวิทยาเขตสวรรค์ประชารักษ์
►หนังสือทั่วไป
บนชั้น

BibComment


ยังไม่เคยถูกคอมเมนท์

คอมเมนท์ทรัพยากรรายการนี้
  คอมเมนท์: เหมียวอินเจแปน ..


 Copyright 2026. Bcnsprnw @Library